000 00510nam a2200157Ia 4500
005 20250312010520.0
008 240331s9999 xx 000 0 und d
020 _a8187477009
082 _bVEN
_24205
_a894.811
100 _aVenkatachalapathy, A. R
245 0 _aAntha Kalathil Kappi Illai:
_bMuthalana Aaivu Katturaigal
260 _aNagercoil,
_bKalachuvadu Pathippagam
_c2000
300 _a232 p.,
500 _aEssays examining the socio-cultural changes in the formation of modern Tamil Nadu.
942 _cL
999 _c4166
_d4166